Premiers secrétaires du PS - Statistiques

Statistiques générales
  • Ce quiz a été pris 27 fois
  • Le résultat moyen est 9 sur 14
Statistiques - réponses
Date Réponse % Correct
1997-2008 François Hollande
100%
1971-1981 François Mitterrand
96%
1981-1988 Lionel Jospin
96%
1995-1997 Lionel Jospin
96%
Depuis 2018 Olivier Faure
92%
1992-1993 Laurent Fabius
79%
2008-2012 Martine Aubry
79%
1993-1994 Michel Rocard
75%
1988-1992 Pierre Mauroy
63%
2014-2017 Jean-Christophe Cambadélis
46%
2012-2014 Harlem Désir
42%
1994-1995 Henri Emmanuelli
42%
1969-1971 Alain Savary
25%
2017-2018 Rachid Temal
13%
Aucun quiz correspondant
Distribution des résultats
% des personnes avec chaque résultat
Percentile par nombre de réponses
Votre historique - résultats
Vous n’avez pas pris ce quiz